Metodología de la Investigación (Registro nro. 32227)
[ vista simple ]
| 000 -CABECERA | |
|---|---|
| Campo de control interno | 00616nam a22001937a 4500 |
| 005 - FECHA Y HORA DE LA CATALOGACION | |
| Campo de control | 20151209161819.0 |
| 008 - ELEMENTOS DE LONGITUD FIJA - INFORMACION | |
| Elementos de Longitud Fija - Informaci | 151209b xxu||||| |||| 00| 0 eng d |
| 040 ## - ORIGEN DE LA CATALOGACION | |
| Origen de la Catalogación | ANE |
| 041 ## - CODIGO DE LENGUAJE | |
| Código de lenguaje del texto | Es |
| 084 ## - CLASIFICACION | |
| Codigo interno | VIRTUAL-002111 |
| 100 ## - AUTOR PERSONAL | |
| Autor Personal | Hernández Sampieri, Roberto |
| 245 ## - TÍTULO GENERAL | |
| Título | Metodología de la Investigación |
| 300 ## - DESCRIPCION | |
| Número de páginas | 518 p. |
| 650 ## - DESCRIPTORES - TEMAS | |
| Temas - Descriptores | Metodología de la Investigación |
| 650 ## - DESCRIPTORES - TEMAS | |
| Temas - Descriptores | Literatura |
| 650 ## - DESCRIPTORES - TEMAS | |
| Temas - Descriptores | Hípotesis |
| 856 ## - URL - Ubicaci | |
| URI/URL | http://documentacion.asambleanacional.gob.ec/alfresco/d/d/workspace/SpacesStore/300e3ec6-f73b-4f9e-a409-2b6459d67b6c/VIRTUAL%20-%20002111.pdf |
| 942 ## - ELEMENTOS DE KOHA | |
| Esquema de Clasificaci | |
| Tipo de Documento | Biblioteca Virtual |
| Catalogador | mbc |
| Withdrawn status | Lost status | Fuente de Clasificaci | Damaged status | Not for loan | Ubicaci | Biblioteca | Fecha de Adquisición | Vía de adquisición | Signatura Topogr | Código de barras | Date last seen | Price effective from | Tipo de Item |
|---|---|---|---|---|---|---|---|---|---|---|---|---|---|
| Biblioteca Asamblea Nacional | Biblioteca Asamblea Nacional | 2015-12-09 | Donación | VIRTUAL-002111 | VIRTUAL-002111 | 2015-12-09 | 2015-12-09 | Biblioteca Virtual |